000 00516cam a22002171 4500
001 sa 63002962
003 DLC
005 20260227111938.0
008 890714s1962 ii a 000 1 beno
010 _asa 63002962
035 _a(OCoLC)20011702
040 _aDLC
_cWaU
_dDLC
042 _apremarc
050 0 0 _aPK1718.M7918
_bB3
100 1 _aMukherji, Saurindramohan,
_d1884-
245 1 0 _aBābalā.
260 _c[1962]
300 _a179 p.
_billus.
_c23 cm.
500 _aIn Bengali.
500 _aA novel.
999 _c54810
_d54810